| 000 | nam a22 a 4500 | ||
|---|---|---|---|
| 999 |
_c2297 _d2297 |
||
| 003 | AKMAL | ||
| 005 | 20170516092002.0 | ||
| 008 | 170516s1984 ilu 00 eng d | ||
| 020 | _a0673203166 (pbk.) | ||
| 040 | _aAKMAL | ||
| 082 | 0 | 4 |
_a421.54 BEE _221 |
| 090 | 0 | 0 |
_a421.54 _bBEE |
| 245 | 0 | 0 |
_aSpelling : _bwords and skills / _cLinda Ward Beech ... [et al.] |
| 260 |
_aGlenview, Illinois : _bScott Foresman and Co., _c1984 |
||
| 300 | 0 | 0 |
_a192p. : _bill. (some col.) ; _c27cm |
| 490 | _vv. 6 | ||
| 599 | _aDALAM PROSES | ||
| 650 | 0 |
_aEnglish language _xSpelling _xProblems, exercises, etc. _94785 |
|
| 650 | 0 |
_aEnglish language _xSpelling _xStudy and teaching _94786 |
|
| 700 | 1 |
_aBeech, Linda Ward _94787 |
|
| 942 |
_2ddc _cBOOK |
||